| 000 | 00797nam a2200265 a 4500 | ||
|---|---|---|---|
| 001 | 156335 | ||
| 003 | OSt | ||
| 005 | 20211001162357.0 | ||
| 008 | 180824 ### HIN | ||
| 020 | _a9783642275456 | ||
| 082 |
_a518.63 _bS23A |
||
| 100 | _aStamov, Gani T. | ||
| 245 |
_aAlmost periodic solutions of impulsive differential equations _cby Gani T. Stamov |
||
| 260 |
_aBerlin _bSpringer-Verlag _c2012 |
||
| 300 | _axx, 217p. | ||
| 490 |
_aLecture notes in mathematics _v2047 |
||
| 653 | _aDifferential equations--Numerical solutions | ||
| 653 | _aLyapunov functions | ||
| 653 | _aImpulsive differential equations | ||
| 653 | _aAlmost periodic functions | ||
| 653 | _aMathematics | ||
| 653 | _aDifferential equations | ||
| 653 | _aFunctional equations | ||
| 942 |
_2ddc _cBK |
||
| 999 |
_c18751 _d18751 |
||